Μεγαλύτερες Πόλεις της Ηπείρου - Statistics

General Stats
  • This quiz has been taken 11 times
  • The average score is 9 of 15
Answer Stats
Πόλη Πληθυσμός % Correct
Ιωάννινα 64.896
100%
Άρτα 21.798
100%
Πρέβεζα 19.309
100%
Ηγουμενίτσα 9.609
100%
Μέτσοβο 2.337
88%
Πάργα 2.216
88%
Κόνιτσα 2.638
75%
Παραμυθιά Θεσπρωτίας 2.862
63%
Φιλιππιάδα 5.207
50%
Καναλλάκι Πρέβεζας 2.542
50%
Πεδινή Ιωαννίνων 2.337
25%
Εξοχή Ιωαννίνων 2.975
13%
Νέα Σελεύκεια 2.590
13%
Καρδαμίτσια 3.662
0%
Ελεούσα 3.536
0%
No matching quizzes found
Score Distribution
Percent of People with Each Score
Percentile by Number Answered
Your Score History
You have not taken this quiz